An introduction to applied macroeconomics (Record no. 348831)

000 -LEADER
fixed length control field 00403cam a22001337a 4500
008 - FIXED-LENGTH DATA ELEMENTS--GENERAL INFORMATION
fixed length control field 180718b1973 xxu||||| |||| 00| 0 eng d
082 ## - DEWEY DECIMAL CLASSIFICATION NUMBER
Classification number T108 K954
100 ## - MAIN ENTRY--PERSONAL NAME
Personal name Kuh, Edwin
245 ## - TITLE STATEMENT
Title An introduction to applied macroeconomics
Statement of responsibility, etc. Edwin Kuh and Richard L. Schmalensee
260 ## - PUBLICATION, DISTRIBUTION, ETC.
Place of publication, distribution, etc. Amsterdam
Name of publisher, distributor, etc. North-Holland Pub.
Date of publication, distribution, etc. 1973
300 ## - PHYSICAL DESCRIPTION
Extent 229p.
650 ## - SUBJECT ADDED ENTRY--TOPICAL TERM
Topical term or geographic name entry element Macroeconomics
700 ## - ADDED ENTRY--PERSONAL NAME
Personal name Schmalensee, Richard L.
Holdings
Withdrawn status Lost status Damaged status Not for loan Permanent Location Current Location Date acquired Full call number Barcode Date last seen Price effective from Koha item type
        Indian Institute of Public Administration Indian Institute of Public Administration 1993-10-27 T108 K954 48543 2018-07-21 2018-07-21 Book

Powered by Koha